00453nam a22001577a 450000500170000001000150001702000260003203500140005803700090007208200110008124500480009226000340014027000700017430000190024470000320026320250704153851.0 aENG-145686 a9789349042032c150.00 aEN-129218 bDBAD a25021 aThe Dhammapada/bTranslated By F Max Muller aChandigarhbThe Browserc2025 bChandigarhaSCO 14-15, Sector 8-Ce160009mservice@thebrowser.org a61p.c20cm(pb) aMuller, F Max eTranslator